[Básne]

Bibliographic Details
Main Author: Džunková, Katarína, 1987- (Author)
Format: Article
Language:Slovak
ISSN:1210-2210
Subjects:

MARC

LEADER 00000nab a2200000 a 4500
001 vtls008959680
003 SK-MaSNL
005 20260304144340.0
008 250505c2006 xo mr|p|||||||000 b|slo
015 |a SNBRB2007/03  |2 snkbucl 
035 |a (uuid)2b08448c-c799-4479-ae68-8d925f8f798a 
035 |a urn:nbn:sk:snk-abc1ic 
035 |a (urnnbn)urn:nbn:sk:snk:ar-003yc6 
038 |a SNKBUCL 
040 |a SNKBUCL  |b slo  |c SNKBUCL  |e AACR2 
041 0 |a slo 
044 |a xo  |c SK 
080 |a 821.162.4-1  |2 1997 
100 1 |a Džunková, Katarína,  |d 1987-  |4 aut  |9 112708 
245 1 0 |a [Básne]  |c Katarína Džunková 
500 |a Blok obsahuje 6 básní 
500 |a Hodnotiaca poznámka 
650 0 7 |a lyrické básne, slovenské  |2 snkbucl  |9 28980 
740 0 2 |a Rusko 
740 0 2 |a Za červenou škraboškou ... 
740 0 2 |a December 
740 0 2 |a Detstvo 
740 0 2 |a Ondrej- 
740 0 2 |a Na konci dediny kričali zvony ... 
773 0 |t Dotyky  |g Roč. XVIII, č. 3-4 (2006), s. 15-16  |x 1210-2210 
850 |a Slovenská národná knižnica 
852 |a Slovenská národná knižnica 
958 |a article15 
958 |a OND 
958 |a LX 
958 |a SK 
958 |a EUIPO 
999 |c 2930813  |d 2932743